=LDR 00000nam 2200000 4500 =001 INLIS000000000030755 =005 20130612132856 =008 ***********************************Ind** =035 ##$$0010-061300000030755 =041 ##$$a Ind =082 ##$$a 728 =090 ##$$a 728, Lov m =100 ##$$a Love, Gilly =245 ##$$a Membuat dapur idaman, Gilly Love =260 ##$$a 2005 $b Jakarta =300 ##$$a 77 hlm, ilus, 21 cm =650 ##$$a Dapur-Bangunan =850 ##$$a NBPNMAT